Geografie cestovního ruchu

Salvato in:
Dettagli Bibliografici
Autore principale: Hrala, Václav
Natura: Libro
Lingua:ceco
Pubblicazione: Praha IDEA SERVIS 2002
Edizione:4. uprav. vyd.
Soggetti:
Tags: Aggiungi Tag
Nessun Tag, puoi essere il primo ad aggiungerne!!

MARC

LEADER 00000nam$a2200000$$$4500
001 0097400
005 20240226110424.1
020 |a 80-85970-36-8 
020 |a 80-85970-43-0 
041 0 |a cze 
044 |a CZ 
245 1 0 |a Geografie cestovního ruchu  |c Václav Hrala 
250 |a 4. uprav. vyd. 
264 1 |a Praha  |b IDEA SERVIS  |c 2002 
300 |a 173 s. 
610 2 0 |a ruch cestovný 
610 2 0 |a geografia 
610 2 0 |a situácia hospodárska 
610 2 0 |a príroda 
610 2 0 |a porovnanie medzinárodné 
610 2 0 |a Európa 
610 2 0 |a Amerika 
610 2 0 |a Ázia 
610 2 0 |a Afrika 
610 2 0 |a Austrália 
610 2 0 |a Česko 
610 2 0 |a Oceánia 
100 1 |a Hrala, Václav